000 00617nam a2200205Ia 4500
003 OSt
005 20250901152810.0
008 210210b2000 xxu||||| |||| 00| 0 eng d
040 _cAL
041 _aKannada
082 _a792K SUBR
100 _aSUBBANNA (K V).
_9135978
_dಸುಬ್ಬಣ್ಣ (ಕೆ.ವಿ.)
245 _aRangabhumi mattu samudaya.
_bರಂಗಭೂಮಿ ಮತ್ತು ಸಮೂದಾಯ
260 _aPuttur.
_bShivarama Karanta Adhyayana Kendra.,
_c2000
300 _a35
650 _aRangabhumi Nataka
_9135979
690 _aTheatre
_9135980
906 _a058134
942 _2ddc
_cBK
999 _c105558
_d105558